01545nam a22003734a 4500001001100000003000800011006001900019007001500038008004100053010001700094020001500111020002300126040002100149035002100170050002500191082001600216100002200232245014300254260010000397300001600497490002800513500006600541504005100607533015200658610003000810650003500840650003500875651003400910655002900944700002700973710001701000830002901017856012501046ebr5001709CaPaEBRm u cr cn|||||||||990927s2000 enk sb 001 0 eng  z 99049498  z0333752457 z0312230206 (cloth) aCaPaEBRcCaPaEBR a(OCoLC)55916112814aHV245b.D3476 2000eb04a361.9412211 aDeakin, Nicholas.14aThe treasury and social policyh[electronic resource] :bthe contest for control of welfare strategy /cNicholas Deakin and Richard Parry. aHoundmills, Basingstoke, Hampshire :bMacmillan Press ;aNew York :bSt. Martin's Press,c2000. axvi, 234 p.1 aTransforming government a"Published in association with the ESRC Whitehall Programme." aIncludes bibliographical references and index. aElectronic reproduction.bPalo Alto, Calif. :cebrary,d2013.nAvailable via World Wide Web.nAccess may be limited to ebrary affiliated libraries.10aGreat Britain.bTreasury. 0aPublic welfarezGreat Britain. 0aSocial servicezGreat Britain. 0aGreat BritainxSocial policy. 7aElectronic books.2local1 aParry, Richard,d1953-2 aebrary, Inc. 0aTransforming government.40uhttp://site.ebrary.com/lib/rucke/Doc?id=5001709zAn electronic book accessible through the World Wide Web; click to view